Die 10 größten Binnenstaaten - Statistiken

Allgemein
  • Dieses Quiz wurde 127 mal gespielt
  • Das Durchschnittsergebnis liegt bei 7 aus 10
Antwortstatistiken
Rang nach Fläche 🌊❌️ % Korrekt
01. Kasachstan
95%
02. Mongolei
93%
03. Tschad
91%
07. Bolivien
88%
04. Niger
76%
05. Mali
72%
09. Afghanistan
60%
06. Äthiopien
55%
08. Sambia
55%
10. Südsudan
54%
Keine übereinstimmenden Quizze gefunden
Verteilung der Resultate
Anzahl Personen mit jedem Resultat
Perzentil nach korrekt beantworteten Fragen
Ihre Resultats-Entwicklung
Sie haben dieses Quiz noch nicht gespielt